000 00920nam a2200277 i 4500
001 000027208
003 DO-SdBNP
005 20240314073718.0
007 ta
008 110330s1981 dr j 001 0bspa d
040 _aDO-SdBNP
_bspa
_cBNPHU
_erda
049 _aBNPD
082 4 _a923.27293
_bD812e
_222
100 1 _aEstenger, Rafael,
_925547
_eautor
245 1 3 _aLa vida gloriosa y triste de Juan Pablo Duarte :
_bbiografía para estudiantes /
_cRafael Estenger.
264 _aSanto Domingo :
_bUNPHU,
_c1981.
300 _a203 páginas ;
_c22 cm.
336 _2rdacontent
_atexto
_btxt
337 _2rdamedia
_asin mediación
_bn
338 _2rdacarrier
_avolumen
_bnc
590 _aInventariado, 2024/BT
600 1 0 _aDuarte, Juan Pablo,
_d1813-1876
_91494
651 4 _aRepública Dominicana
_xHistoria
_yOcupación Haitiana 1822-1844
_97666
910 _aValidado. Control de calidad EMS
942 _2ddc
_cLBS1
999 _c26700
_d26700